00401pam a2200157a 44500008004100000020001500041082001700056100002200073245003000095260003200125300001000157700002200167700002400189906001100213999001900224230405s2001 xxu||||| |||| 00| 0 eng d cRs. 381.50 a616.025bOMA aOman, Kathleen S. aEmergency Nursing Secrets aNew DelhibJaypee Pubc2001 a272 p aScheetz, Linda J. aMclain, Jane Koziol a000134 c248861d248861